+200 Famous Actors by Pictures - Statistics

General Stats
  • This quiz has been taken 509 times
    185 since last reset
  • The average score is 6 of 12
Answer Stats
Picture Answer % Correct
Adam Sandler
100%
Benedict Cumberbatch
100%
Blake Lively
100%
Brad Pitt
100%
Christian Bale
100%
Daniel Craig
100%
Daniel Day-Lewis
100%
Dwayne Johnson 'The Rock'
100%
Emma Watson
100%
Ethan Hawke
100%
George Clooney
100%
Gwyneth Paltrow
100%
Heath Ledger
100%
Helena Bonham Carter
100%
Jason Momoa
100%
Jennifer Aniston
100%
Jennifer Lopez
100%
Johnny Depp
100%
Leonardo DiCaprio
100%
Margot Robbie
100%
Matthew McConaughey
100%
Mel Gibson
100%
Morgan Freeman
100%
Octavia Spencer
100%
Owen Wilson
100%
Ralph Fiennes
100%
Renée Zellweger
100%
Robert de Niro
100%
Robert Pattinson
100%
Rowan Atkinson
100%
Rupert Grint
100%
Russell Crowe
100%
Ryan Gosling
100%
Ryan Reynolds
100%
Samuel L. Jackson
100%
Scarlett Johansson
100%
Stan Lee
100%
Steve Carell
100%
Timothée Chalamet
100%
Tom Cruise
100%
Tom Hiddleston
100%
Tom Holland
100%
Will Smith
100%
Zendaya
100%
Adam Driver
88%
Joaquin Phoenix
88%
Andrew Garfield
80%
Hugh Jackman
80%
Jim Carrey
80%
Robert Downey Jr
80%
Tom Hanks
80%
Cillian Murphy
75%
Emma Stone
75%
Jack Black
75%
Jake Gyllenhaal
75%
John Travolta
75%
Keira Knightley
75%
Mark Ruffalo
75%
Natalie Portman
75%
Sarah Jessica Parker
75%
Selena Gomez
75%
Emma Thompson
71%
Meg Ryan
71%
Edward Norton
67%
Hugh Grant
67%
Kristen Stewart
67%
Marilyn Monroe
67%
Megan Fox
67%
Meryl Streep
67%
Michael B. Jordan
67%
Orlando Bloom
67%
Robert Duvall
67%
Sadie Sink
67%
Sebastian Stan
67%
Sydney Sweeney
67%
Taylor Lautner
67%
Tobey Maguire
67%
Viggo Mortensen
67%
Vin Diesel
67%
William Baldwin
67%
Alan Rickman
60%
Christopher Lee
60%
Gary Oldman
60%
Harrison Ford
60%
Jenna Ortega
60%
Jennifer Lawrence
60%
Madelyn Cline
60%
Paul Walker
60%
Sandra Bullock
60%
Woody Harrelson
60%
Finn Wolfhard
57%
Jude Law
57%
Matt Damon
57%
Alexis Bledel
50%
Amanda Seyfried
50%
Angelina Jolie
50%
Anthony Hopkins
50%
Ben Stiller
50%
Cate Blanchett
50%
Chris Hemsworth
50%
Daniel Radcliffe
50%
Dustin Hoffman
50%
Dylan O'Brien
50%
Elizabeth Olsen
50%
Emily Osment
50%
Helen Hunt
50%
Hugh Laurie
50%
Jack Nicholson
50%
Jim Parsons
50%
Jodie Foster
50%
Julia Roberts
50%
Julie Andrews
50%
Kevin Spacey
50%
Liam Neeson
50%
Macaulay Culkin
50%
Mark Wahlberg
50%
Millie Bobby Brown
50%
Nicole Kidman
50%
Olivia Wilde
50%
Paul Dano
50%
Penn Badgley
50%
Philip Seymour Hoffman
50%
Robin Williams
50%
Sheila Kelley
50%
Sofía Vergara
50%
Terry O'Quinn
50%
Colin Firth
40%
Joe Pesci
40%
Liam Hemsworth
40%
Pierce Brosnan
40%
Al Pacino
33%
Anne Hathaway
33%
Chris Evans
33%
Clint Eastwood
33%
Demi Moore
33%
Freddie Highmore
33%
Ian Somerhalder
33%
Kate Hudson
33%
Leighton Meester
33%
Maggie Smith
33%
Michelle Rodríguez
33%
Olivia Newton-John
33%
Rainn Wilson
33%
Stellan Skarsgård
33%
Thomas Brodie-Sangster
33%
Adina Porter
29%
Rachel McAdams
29%
Cole Sprouse
25%
Omar Epps
25%
Skeet Ulrich
25%
Uma Thurman
25%
Lili Reinhart
20%
Mads Mikkelsen
20%
Óscar Núñez
20%
Richard Schiff
20%
Wallace Shawn
20%
Ed Helms
17%
Lisa Edelstein
17%
Adam Brody
0%
Adrien Brody
0%
Amybeth McNulty
0%
Ana de Armas
0%
Bradley Cooper
0%
Cameron Diaz
0%
Carrie Fisher
0%
Chad Michael Murray
0%
Charles Esten
0%
Craig T. Nelson
0%
Dakota Johnson
0%
Ellen Burstyn
0%
Emilia Clarke
0%
Eric Winter
0%
Evangeline Lilly
0%
Geoffrey Rush
0%
Jennifer Morrison
0%
John Krasinsky
0%
Josh Holloway
0%
Judi Dench
0%
Julie Walters
0%
Kate Winslet
0%
Kaya Scodelario
0%
Kevin Hart
0%
Lance Barber
0%
Lindsay Lohan
0%
Lochlyn Munro
0%
Luke Perry
0%
Mädchen Amick
0%
Mandy Moore
0%
Marlon Brando
0%
Martin Freeman
0%
Mckenna Grace
0%
Michael Caine
0%
Michelle Pfeiffer
0%
Milo Ventimiglia
0%
Nina Dobrev
0%
Paul Wesley
0%
Richard Dreyfuss
0%
Richard Gere
0%
Robert Sean Leonard
0%
Robin Tunney
0%
Robin Wright
0%
Rockmond Dunbar
0%
Scott Caan
0%
Sean Connery
0%
Shelley Duvall
0%
Simon Baker
0%
Wentworth Miller
0%
No matching quizzes found
Score Distribution
Percent of People with Each Score
Percentile by Number Answered
Your Score History
You have not taken this quiz since the last reset